| 000 | 01592cam a2200325 4500 | ||
|---|---|---|---|
| 008 | 090401t1990 xxu||||| |||| 00| 0 eng d | ||
| 020 | _a0854064710 | ||
| 035 | _a(Sirsi) u51598 | ||
| 041 | _aeng | ||
| 050 | _a333.332 | ||
| 090 | _aRICS1990/45 ABCD | ||
| 110 |
_aRoyal Institution of Chartered Surveyors _94900 |
||
| 245 | _aStatements of asset valuation practice and guidance notes | ||
| 250 | _a3rd ed. | ||
| 260 |
_aLondon _bRICS Books _c1990 |
||
| 300 | _a1v.(looseleaf) ; 24cm. | ||
| 350 | _a37.5 | ||
| 490 | _aRICS Red Book | ||
| 520 | _aSUPERSEDED: Replaced by the RICS Appraisal and Valuation Manual, also known as the New Red Book (RICS 1995/62). Prepared by Assets Valuation Standards Committee . 1st ed. 1976/5ABCD; 2nd ed. 1981/18ABCD; 2nd ed.revised 1989/31ABCD; 3rd ed. 1990/45ABCD. N.B. each edition was amended when updates were received: some early versions of guidance notes may not have been retained . Previous editions entitled Guidance notes on the valuation of assets. From Amendments 3 of 3rd ed. onwards separate archive copies of amendment packages also kept q.v. Compliance with these standards is mandatory from March 1991 when bye-law change approved by Privy Council. See Chartered Surveyor Weekly 14 March 1991, p72. | ||
| 650 | _aASSET VALUATION | ||
| 650 | _aASSETS | ||
| 650 | _aGUIDANCE NOTES | ||
| 650 | _aRICS APPRAISAL AND VALUATION MANUAL | ||
| 650 | _aRICS | ||
| 650 |
_aValuation _96273 |
||
| 690 | _aRATING AND VALUATION | ||
| 710 |
_aAssets Valuation Standards Committee _92689 |
||
| 942 |
_n0 _2ddc |
||
| 948 | _c04/03/1997 | ||
| 999 |
_c92922 _d92922 |
||